[Event "Rosario Italia Cup"]
[Site "Rosario"]
[Date "2023.12.02"]
[Round "3"]
[White "Abramor, Franco"]
[Black "Solan, Leonardo"]
[Result "1-0"]
[WhiteElo "2171"]
[BlackElo "1605"]
[PlyCount "77"]
[EventDate "2023.12.01"]
[EventType "swiss"]
[EventRounds "6"]
[EventCountry "ARG"]
[SourceTitle "CB50_2023"]
[SourceDate "2023.12.13"]
[SourceVersion "1"]
[SourceVersionDate "2023.12.13"]
[SourceQuality "1"]

1. Nf3 d5 2. b3 Nf6 3. Bb2 Bf5 4. g3 e6 5. Bg2 Nbd7 6. 0-0 Be7 7. d3 h6 8. Nbd2 0-0 9. Re1 Bh7 10. c4 c6 11. a3 a5 12. Ra2 Qb6 13. Qa1 Ng4 14. e3 Bf6 15. d4 Be7 16. Bc3 Ngf6 17. Ne5 Nxe5 18. dxe5 Ne4 19. Nxe4 Bxe4 20. Bxe4 dxe4 21. Rb1 Rfd8 22. b4 axb4 23. axb4 Rxa2 24. Qxa2 Rd3 25. Bd4 Qa6 26. Qc2 Qa3 27. c5 Qa6 28. Kg2 Qb5 29. Qa2 Qa6 30. Qxa6 bxa6 31. Ra1 Rb3 32. Rxa6 Rxb4 33. Rxc6 Rc4 34. Rc8+ Bf8 35. c6 f6 36. c7 Kf7 37. Bb6 Bc5 38. Ba5 Ba3 39. Rd8 1-0

[Event "Rosario Italia Cup"]
[Site "Rosario"]
[Date "2023.12.02"]
[Round "4"]
[White "Vacchieri, Ismael"]
[Black "Abramor, Franco"]
[Result "1-0"]
[WhiteElo "1567"]
[BlackElo "2171"]
[PlyCount "131"]
[EventDate "2023.12.01"]
[EventType "swiss"]
[EventRounds "6"]
[EventCountry "ARG"]
[SourceTitle "CB50_2023"]
[SourceDate "2023.12.13"]
[SourceVersion "1"]
[SourceVersionDate "2023.12.13"]
[SourceQuality "1"]

1. Nf3 Nf6 2. c4 g6 3. b3 Bg7 4. Bb2 c5 5. g3 0-0 6. Bg2 d6 7. 0-0 e5 8. d3 Nc6 9. Nbd2 h6 10. h3 Be6 11. e4 Nh5 12. Nb1 Qe8 13. Nc3 f5 14. Nd5 Qf7 15. Nd2 Nd4 16. Bxd4 cxd4 17. b4 f4 18. a4 Nf6 19. g4 Kh8 20. Bf3 Nh7 21. Kg2 Ng5 22. Be2 Bf6 23. h4 f3+ 24. Bxf3 Nxf3 25. Nxf3 Bxg4 26. Nxe5 dxe5 27. Qxg4 h5 28. Qg3 Rad8 29. f4 Qg7 30. fxe5 Bxe5 31. Qg5 Rde8 32. Rxf8+ Rxf8 33. Rf1 Re8 34. Kh1 a6 35. a5 Kh7 36. Nf6+ Bxf6 37. Rxf6 Rf8 38. e5 Rxf6 39. exf6 Qd7 40. Kg2 Qe6 41. Kf2 Qh3 42. Qf4 Kg8 43. Qb8+ Kf7 44. Qxb7+ Kxf6 45. Qxa6+ Kg7 46. Qa7+ Kh6 47. Qxd4 Qh2+ 48. Ke3 Qg1+ 49. Ke4 Qg4+ 50. Kd5 Qd7+ 51. Ke5 Qe7+ 52. Kf4 Qxh4+ 53. Ke3 Qe1+ 54. Kf3 Qf1+ 55. Qf2 Qh3+ 56. Ke2 Qc8 57. Qf4+ Kh7 58. b5 Qa8 59. a6 Qg2+ 60. Kd1 Qa2 61. b6 Qb1+ 62. Ke2 Qxb6 63. Qf7+ Kh6 64. Qb7 Qg1 65. a7 Qh2+ 66. Kd1 1-0

[Event "ARG-ch sf 98th"]
[Site "Buenos Aires"]
[Date "2023.05.04"]
[Round "6"]
[White "Abramor, Franco"]
[Black "Robledo, Cristian"]
[Result "1/2-1/2"]
[WhiteElo "2077"]
[BlackElo "2270"]
[PlyCount "148"]
[EventDate "2023.04.29"]
[EventType "swiss"]
[EventRounds "9"]
[EventCountry "ARG"]
[SourceTitle "CBM 214 Extra"]
[Source "ChessBase"]
[SourceDate "2023.07.31"]
[SourceVersion "1"]
[SourceVersionDate "2023.07.31"]
[SourceQuality "1"]

1. e4 c5 2. Nf3 e6 3. g3 Nf6 4. e5 Nd5 5. Bg2 d6 6. 0-0 Nc6 7. Qe2 Be7 8. exd6 Qxd6 9. d3 0-0 10. Na3 Bf6 11. Nc4 Qc7 12. a4 Bd7 13. Bd2 Rfe8 14. Rfe1 Rad8 15. Nfe5 Nd4 16. Qd1 Bc8 17. a5 Be7 18. f4 Bf8 19. c3 Nf5 20. Qe2 f6 21. Ng4 Nd6 22. Nce3 Nxe3 23. Bxe3 Kh8 24. Bf2 Nf7 25. Ne3 Bd7 26. Nc4 Bc6 27. Bxc6 Qxc6 28. Qe4 Qc8 29. Rad1 e5 30. fxe5 Ng5 31. Qg2 Qg4 32. Rf1 Nf3+ 33. Kh1 Nxe5 34. Nxe5 Rxe5 35. Rde1 Red5 36. d4 c4 37. h3 Qd7 38. Ra1 Rb5 39. Be3 Re8 40. Rfe1 Bd6 41. a6 b6 42. Bf4 Bxf4 43. gxf4 Rg8 44. Kh2 g5 45. Rg1 Qd6 46. Kh1 Qxf4 47. Raf1 Qd6 48. Rf2 f5 49. Qb7 g4 50. Qf7 Qh6 51. Rg3 Qc1+ 52. Kh2 Qg5 53. d5 h5 54. Qxf5 Rxb2 55. Qxg5 Rxf2+ 56. Kg1 Rxg5 57. Kxf2 Rf5+ 58. Ke2 Re5+ 59. Kf2 Rxd5 60. hxg4 h4 61. Rh3 Rd3 62. Rxh4+ Kg7 63. Rh5 Rxc3 64. Rd5 Rd3 65. Rxd3 cxd3 66. Ke3 Kg6 67. Kxd3 Kg5 68. Kc4 Kxg4 69. Kb5 Kf5 70. Kc6 Ke6 71. Kb7 Kd7 72. Kxa7 Kc7 73. Ka8 b5 74. a7 b4 1/2-1/2

[Event "Sao Paulo Osasco"]
[Site "Sao Paulo"]
[Date "2022.11.11"]
[Round "8"]
[White "Alboredo, Julia"]
[Black "Abramor, Franco"]
[Result "1-0"]
[WhiteElo "2234"]
[BlackElo "2207"]
[PlyCount "93"]
[EventDate "2022.11.06"]
[EventType "tourn"]
[EventRounds "9"]
[EventCountry "BRA"]
[EventCategory "1"]
[SourceTitle "CBM 211 Extra"]
[Source "ChessBase"]
[SourceDate "2023.01.31"]
[SourceVersion "1"]
[SourceVersionDate "2023.01.31"]
[SourceQuality "1"]

1. e4 e5 2. Nf3 Nc6 3. Bc4 Bc5 4. d3 Nf6 5. Bg5 h6 6. Bh4 d6 7. c3 a6 8. Nbd2 Ba7 9. 0-0 g5 10. Bg3 Qe7 11. a4 Nd7 12. Kh1 Nf8 13. Ng1 h5 14. f3 h4 15. Bf2 Bxf2 16. Rxf2 Ng6 17. Nf1 Bd7 18. Ne3 Nf4 19. Ne2 0-0-0 20. b4 Nb8 21. a5 Rdg8 22. h3 Qf6 23. Ng4 Qe7 24. d4 Rd8 25. Nxf4 exf4 26. Bd3 f6 27. Rb2 c6 28. c4 Bxg4 29. fxg4 c5 30. bxc5 dxc5 31. d5 Nd7 32. e5 Nxe5 33. Bf5+ Kb8 34. Rab1 Rd6 35. Rxb7+ Qxb7 36. Rxb7+ Kxb7 37. Qb3+ Kc7 38. Qa3 Nd7 39. Bxd7 Kxd7 40. Qxc5 Re8 41. Qa7+ Kd8 42. c5 Rd7 43. Qb6+ Kc8 44. Qc6+ Kd8 45. Qxf6+ Kc8 46. Qxa6+ Kb8 47. Qb5+ 1-0

[Event "Sao Paulo Osasco"]
[Site "Sao Paulo"]
[Date "2022.11.06"]
[Round "1"]
[White "Araujo, Renan Aparecido"]
[Black "Abramor, Franco"]
[Result "1-0"]
[WhiteElo "2037"]
[BlackElo "2207"]
[PlyCount "105"]
[EventDate "2022.11.06"]
[EventType "tourn"]
[EventRounds "9"]
[EventCountry "BRA"]
[EventCategory "1"]
[SourceTitle "CBM 211 Extra"]
[Source "ChessBase"]
[SourceDate "2023.01.31"]
[SourceVersion "1"]
[SourceVersionDate "2023.01.31"]
[SourceQuality "1"]

1. e4 e5 2. Nf3 Nc6 3. Bc4 Bc5 4. c3 Nf6 5. d4 exd4 6. b4 Bb6 7. e5 d5 8. exf6 dxc4 9. Qe2+ Be6 10. b5 Nb4 11. fxg7 Rg8 12. cxb4 Qf6 13. Qe5 Qxe5+ 14. Nxe5 f6 15. Nf3 Rxg7 16. a4 a5 17. bxa6 bxa6 18. 0-0 0-0-0 19. Bf4 Bd5 20. Bg3 f5 21. a5 Ba7 22. Nh4 Rf8 23. f3 Re7 24. Re1 Rd7 25. Bf2 Kb7 26. Re5 c3 27. Nxc3 dxc3 28. Bxa7 Kxa7 29. Rc1 Rb8 30. Nxf5 Rxb4 31. Rxc3 Rb2 32. Re7 Rxe7 33. Nxe7 Bb7 34. Rxc7 Rb5 35. Nc6+ Ka8 36. Nd8 Bd5 37. Rxh7 Rxa5 38. Rh5 Ra1+ 39. Kf2 Rd1 40. Rh6 Ka7 41. Rd6 a5 42. Nc6+ Kb6 43. Ne7+ Kc5 44. Rxd5+ Rxd5 45. Nxd5 Kxd5 46. Ke3 Kc4 47. Kd2 Kb3 48. Kc1 Ka2 49. h4 Ka1 50. h5 a4 51. h6 a3 52. h7 a2 53. h8Q# 1-0

[Event "Corrientes Mayor Rosarino op"]
[Site "Corrientes"]
[Date "2022.10.06"]
[Round "1"]
[White "Abramor, Franco"]
[Black "Gutierrez, Ramiro1111"]
[Result "1-0"]
[WhiteElo "2267"]
[BlackElo "1864"]
[PlyCount "93"]
[EventDate "2022.10.06"]
[EventType "swiss"]
[EventRounds "9"]
[EventCountry "ARG"]
[SourceTitle "CBM 210 Extra"]
[Source "ChessBase"]
[SourceDate "2022.11.30"]
[SourceVersion "1"]
[SourceVersionDate "2022.11.30"]
[SourceQuality "1"]

1. Nf3 Nf6 2. c4 g6 3. b4 Bg7 4. Bb2 0-0 5. g3 d6 6. Bg2 a5 7. b5 e5 8. d3 Nh5 9. Qc2 f5 10. Nbd2 c6 11. a4 g5 12. h3 Qe7 13. Rb1 Nd7 14. Ba3 h6 15. bxc6 bxc6 16. Nh2 Ra6 17. Bf3 Ndf6 18. e4 g4 19. hxg4 fxg4 20. Be2 c5 21. Ndf1 Bd7 22. Ne3 Qe8 23. Nhxg4 Bxa4 24. Qd2 Qg6 25. Rb7 Bd7 26. Rc7 Rb6 27. Nf5 Rb1+ 28. Bc1 Bxf5 29. exf5 Qg5 30. Kd1 Qxf5 31. Nxh6+ Bxh6 32. Qxh6 Rf7 33. Rxf7 Kxf7 34. Bxh5+ Nxh5 35. Qxh5+ Qxh5+ 36. Rxh5 a4 37. Kc2 Rb8 38. Rh7+ Ke6 39. Ra7 e4 40. Rxa4 exd3+ 41. Kxd3 Rb3+ 42. Ke4 Rc3 43. Be3 Rxc4+ 44. Rxc4 d5+ 45. Kd3 dxc4+ 46. Kxc4 Kf5 47. f3 1-0